00710nam a2200193 i 4500001000300000100002600003245013600029260004700165300003300212650002200245655003000267700002400297020001500321040000800336041000800344080002600352008004100378856009700419bg1 aJones, Leod(1943- ). 0aInternational business English :bcommunication skills in English for business purposes : workbook /cLeo Jones, Richard Alexander. aCambridge :bCambridge Univ. Press,c1992. a[4], 172 s. :bil. ;c25 cm. 9aJęzyk angielski aPodręczniki akademickie1 aAlexander, Richard. a0521369584 cBPK apol a811.111(075.8):339.13 s pl f |000 0 pol  uhttp://koha.tu.koszalin.pl/cgi-bin/koha/opac-detail.pl?biblionumber=6460yKatalog online BPK